书目信息 |
| 题名: |
公安执法中的公民权利保护
|
|
| 作者: | 姚伟章 主编 | |
| 分册: | ||
| 出版信息: | 北京 中国人民公安大学出版社 2003 |
|
| 页数: | 315页 | |
| 开本: | 20cm | |
| 丛书名: | ||
| 单 册: | ||
| 中图分类: | D621.5 , D922.144 | |
| 科图分类: | ||
| 主题词: | 公安机关--行政执法--研究--中国 , 公民--权利义务--研究--中国 | |
| 电子资源: | ||
| ISBN: | 7-81087-483-7 | |
| 000 | 00876nam0 22002537 4550 | |
| 001 | 192004000892 | |
| 005 | 20070914092104.78 | |
| 010 | @a7-81087-483-7@dCNY18.00 | |
| 100 | @a20070531d2003 ekmy0chiy0121 ea | |
| 101 | 0 | @achi |
| 102 | @aCN@b110000 | |
| 105 | @ay a 000yy | |
| 200 | 1 | @a公安执法中的公民权利保护@Agong an zhi fa zhong de gong min quan li bao hu@f主编姚伟章 |
| 210 | @a北京@c中国人民公安大学出版社@d2003 | |
| 215 | @a315页@d20cm | |
| 320 | @a有书目 (第313-315页) | |
| 330 | @a本书主要内容为: 公安执法概述、公安执法中的公民权利、公安执法中的公民权利保护, 就有关公安执法中的公民权利保护方面的问题作出了必要的阐述与探索。 | |
| 606 | 0 | @a公安机关@x行政执法@x研究@y中国 |
| 606 | 0 | @a公民@x权利义务@x研究@y中国 |
| 690 | @aD621.5@v4 | |
| 690 | @aD922.144@v4 | |
| 701 | 0 | @a姚伟章@Ayao wei zhang@4主编 |
| 801 | 0 | @aCN@c20070914 |
| 905 | @dD922.144@eY374 | |
| 公安执法中的公民权利保护/主编姚伟章.-北京:中国人民公安大学出版社,2003 |
| 315页;20cm |
| ISBN 7-81087-483-7:CNY18.00 |
| 本书主要内容为: 公安执法概述、公安执法中的公民权利、公安执法中的公民权利保护, 就有关公安执法中的公民权利保护方面的问题作出了必要的阐述与探索。 |
| ● |
| 相关链接 |
|
|
|
正题名:公安执法中的公民权利保护
索取号:D922.144/Y374
 
预约/预借
| 序号 | 登录号 | 条形码 | 馆藏地/架位号 | 状态 | 备注 |
| 1 | 624637 | 206246374 | 社科库509/509社科库 85排1列6层/ [索取号:D922.144/Y374] | 在馆 | |
| 2 | 624638 | 206246383 | 社科库509/509社科库 85排1列6层/ [索取号:D922.144/Y374] | 在馆 | |
| 3 | 624639 | 206246392 | 社科库509/509社科库 85排1列6层/ [索取号:D922.144/Y374] | 在馆 |